02431nam a2200517 a 450000500170000000800410001702000150005804100080007309200170008110000250009824500340012325001330015726000360029030000120032650000670033859000400040565300370044565300310048265300550051365300380056865300100060665300190061665300700063565300480070565300440075365300870079765300580088465300460094265300250098865300250101365300190103865300580105765300320111565300450114765300210119265300420121365300460125565300800130165300220138165300250140365300530142865302120148194200120169399900150170595201930172020240223102126.0100316t2007||||mx a f |||| 001 0 spa d a970106111X aspa c540l11sCHA1 aChang, Raymond.9487 aQuímica / cRaymond Chang. a9a ed. bTraducción Erika Jasso, Hernán D'Bourneville. Revisión técnica Rosa Zugazagoitia Herranz y José Clemente Reza aMéxico: bMcGraw-Hill;c2007. a1063 p. aChang, R. (2007). Química. (9a ed.). México : McGraw-Hill. aDonación Sol Espinosa, Abril 2019 aQuímica: el estudio del cambio aAtomo, moléculas e iones aReacciones de la masa en las reacciones químicas aReacciones de disolución acuosa aGases aTermoquímica aTeoría cuántica y la estructura electrónica de los átomos aRelaciones periódicas entre los elementos aEnlace químico I: conceptos básicos aEnlace químico II: geometría molecular e hibridación de orbitales atómicos aFuerzas intermoleculares y los líquidos y sólidos aPropiedades físicas de las disoluciones aCinética química aEquilibrio químico aAcidos y bases aEquilibrios ácido-base y equilibrios de solubilidad aQuímica de la atmósfera aEntropía, energía libre y equilibrio aElectroquímica aMetalurgia y química de los metales aElementos no metálicos y sus compuestos aQuímica de los metales de transición y los compuestos de coordinación aQuímica nuclear aQuímica orgánica aPolímeros orgánicos sintéticos y naturales aApéndice 1: Derivación de los nombres de los elementos. Apéndice 2: Unidades de la constante de los gases. Apéndice 3: Datos termodinámicos de 1 atm y 25°C. Apéndice 4: Operaciones matemáticas 2ddccBK c2895d2895 00102ddc4070aBFMbBFMcCRd2019-04-04eDonación Sol Espinosa, Abril 2019l27m6o540 11 CHAp4411r2024-04-11s2023-05-16tEj. 19w2019-04-04yBKzDonación Sol Espinosa, Abril 2019